<?xml version="1.0" encoding="UTF-8"?>
<resp>
  <nextPage>https://data.bn.org.pl/api/networks/bibs.marcxml?marc=001+b00001150001170&amp;sinceId=1150001171</nextPage>
  <collection>
    <record xmlns='http://www.loc.gov/MARC21/slim'><leader>01195namZa2200373ZiZ4500</leader><controlfield tag='001'>b00001150001170</controlfield><controlfield tag='005'>20241203214346.3</controlfield><controlfield tag='008'>230609s        pl           |000 0 pol c</controlfield><controlfield tag='009'>9913261205405606</controlfield><datafield ind1=' ' ind2=' ' tag='020'><subfield code='a'>8308036430</subfield></datafield><datafield ind1=' ' ind2=' ' tag='035'><subfield code='a'>KR_1KR_1_20120317233831067895-48omnis_kr</subfield></datafield><datafield ind1=' ' ind2=' ' tag='035'><subfield code='a'>KR_1_20120317233831067895</subfield><subfield code='9'>ExL</subfield></datafield><datafield ind1=' ' ind2=' ' tag='035'><subfield code='a'>(PL)b00001150001170</subfield></datafield><datafield ind1=' ' ind2=' ' tag='040'><subfield code='a'>KR_1</subfield><subfield code='c'>KR_1</subfield></datafield><datafield ind1='1' ind2=' ' tag='041'><subfield code='a'>pol</subfield><subfield code='h'>eng</subfield></datafield><datafield ind1='1' ind2=' ' tag='100'><subfield code='a'>Stacey, Mark</subfield></datafield><datafield ind1='1' ind2='0' tag='245'><subfield code='a'>Język hiszpański dla początkujących /</subfield><subfield code='c'>Mark Stacey, Angela Gonzalez Hevia ; przeł. Piotr Fornelski, Barbara Sławomirska.</subfield></datafield><datafield ind1=' ' ind2=' ' tag='250'><subfield code='a'>Wyd. 5.</subfield></datafield><datafield ind1=' ' ind2=' ' tag='260'><subfield code='a'>W-wa :</subfield><subfield code='b'>Wydaw. Literackie,</subfield><subfield code='c'>2004.</subfield></datafield><datafield ind1=' ' ind2=' ' tag='300'><subfield code='a'>222 s. :</subfield><subfield code='b'>il. ;</subfield><subfield code='c'>20 cm</subfield><subfield code='e'>+ kaseta.</subfield></datafield><datafield ind1='1' ind2=' ' tag='490'><subfield code='a'>Ucz się Sam</subfield></datafield><datafield ind1=' ' ind2=' ' tag='500'><subfield code='a'>n</subfield></datafield><datafield ind1=' ' ind2='9' tag='650'><subfield code='a'>Język hiszpański</subfield><subfield code='v'>podręcznik</subfield></datafield><datafield ind1='1' ind2=' ' tag='700'><subfield code='a'>González Hevia, Angela</subfield></datafield><datafield ind1='1' ind2=' ' tag='700'><subfield code='a'>Fornelski, Piotr.</subfield><subfield code='e'>Tł.</subfield></datafield><datafield ind1='1' ind2=' ' tag='700'><subfield code='a'>Sławomirska, Barbara.</subfield><subfield code='e'>Tł.</subfield></datafield><datafield ind1=' ' ind2=' ' tag='852'><subfield code='b'>48OMNIS_NETWORK</subfield><subfield code='8'>9913261205405606</subfield></datafield><datafield ind1=' ' ind2=' ' tag='852'><subfield code='b'>48OMNIS_KR</subfield><subfield code='8'>991000011699708216</subfield></datafield><datafield ind1=' ' ind2=' ' tag='920'><subfield code='a'>83-08-03643-0</subfield></datafield></record>
  </collection>
</resp>
